000
00276nam a2200133Ia 4500
100
_a
Pistoia/Marco
942
_c
BK
654
_a
java2
245
_a
Java 2 Network Security
260
_b
Pearson Education
_c
2001
082
_a
5.8
_b
PIS
300
_a
713
546
_a
ENGLISH
999
_c
31415
_d
31415